| 000 | 00429nam a22001337a 4500 | ||
|---|---|---|---|
| 008 | 230703b xxu||||| |||| 00| 0 eng d | ||
| 020 | _a9291420832 | ||
| 082 |
_a351.7 _bIPU |
||
| 100 | _cIPU | ||
| 245 |
_aParliament and the Budgetary process including from a Gender Perspecive _bRegional Seminar for English-Speaking African Parliaments _c22-24 May 2000 |
||
| 260 |
_aNairobi, Kenya _bIPU _c2001 |
||
| 300 | _a96p | ||
| 942 |
_2ddc _cBK |
||
| 999 |
_c3256 _d3256 |
||